000 00613nam a2200193Ia 4500
005 20250508151715.0
008 008 250505s9999 xx 000 0 eng d
037 _aTextual
040 _aFEDL
_beng
_cFEDL
041 _aeng
_2eng
084 _a371.42, CIE
_qFEDL
245 0 _aReport of the second All India seminar on educational and vocational guidance
260 _aDelhi, India
_bCentral Institute of Education
_c1956
300 _a58p.
546 _aPublication 8
650 _aEducational - Guidance and Counseling
_9756302
942 _cTEXL
_h371.42, CIE
999 _c1331576
_d1331576